000
00294nam a2200109Ia 4500
008
200302s9999 xx 000 0 und d
100
_a
Edward K. Carpenter
245
_a
Print Casebooks 2nd ed. The Best in Exhibition Desing
260
_b
R C Publications Inc.
260
_c
1977
300
_a
95 P.,
999
_c
2232
_d
2232